LEADER 02565nam 2200625 450 001 9910824485903321 005 20230126214007.0 010 $a1-4758-2254-5 035 $a(CKB)3710000000604446 035 $a(EBL)4427228 035 $a(SSID)ssj0001624401 035 $a(PQKBManifestationID)16361976 035 $a(PQKBTitleCode)TC0001624401 035 $a(PQKBWorkID)14844497 035 $a(PQKB)11595759 035 $a(PQKBManifestationID)16231992 035 $a(PQKBWorkID)14844498 035 $a(PQKB)21838648 035 $a(MiAaPQ)EBC4427228 035 $a(DLC) 2015047222 035 $a(EXLCZ)993710000000604446 100 $a20151124h20162016 uy| 0 101 0 $aeng 135 $aur|n|---||||| 181 $ctxt 182 $cc 183 $acr 200 00$aWorking in class $erecognizing how social class shapes our academic work /$fedited by Allison L. Hurst and Sandi Nenga 210 1$aLanham :$cRowman & Littlefield,$d[2016] 210 4$dİ2016 215 $a1 online resource (221 p.) 300 $aDescription based upon print version of record. 311 $a1-4758-2253-7 311 $a1-4758-2252-9 320 $aIncludes bibliographical references and index. 327 $aContents; Acknowledgments; Introduction; Part One: Research; 1 Class as a Force of Habit; 2 Controlling for Class; 3 Class, Academia, and Ontologies of Global Selfhood; 4 Survival Strategies for Working-Class Women as Junior Faculty Members; Part Two: Teaching; 5 Boundary Crossing; 6 Lessons Learned; 7 Making Class Salient in the Sociology Classroom; 8 Witnessing Social Class in the Academy; 9 The Classroom Crucible; Part Three: Work in the Academy; 10 Working-Class, Teaching Class, and Working Class in the Academy; 11 "We're All Middle Class Here"; 12 Narrating the Job Crisis 327 $a13 Capitalizing ClassReferences; Index; About the Contributors 606 $aEducation, Higher$xSocial aspects$zUnited States 606 $aLow-income college students$zUnited States 606 $aEducational mobility$zUnited States 606 $aSocial classes$zUnited States 615 0$aEducation, Higher$xSocial aspects 615 0$aLow-income college students 615 0$aEducational mobility 615 0$aSocial classes 676 $a378.1/9826942 702 $aHurst$b Allison L.$f1969- 702 $aNenga$b Sandi Kawecka 801 0$bMiAaPQ 801 1$bMiAaPQ 801 2$bMiAaPQ 906 $aBOOK 912 $a9910824485903321 996 $aWorking in class$94013418 997 $aUNINA